Object-Oriented programming with ansi & Turbo C++ (Record no. 4923)
[ view plain ]
| 000 -LEADER | |
|---|---|
| fixed length control field | 00445nam a2200157Ia 4500 |
| 003 - CONTROL NUMBER IDENTIFIER | |
| control field | SGT |
| 020 ## - INTERNATIONAL STANDARD BOOK NUMBER | |
| International Standard Book Number | 9788131703830 |
| 082 ## - DEWEY DECIMAL CLASSIFICATION NUMBER | |
| Classification number | 5.11 |
| Item number | KAM |
| 100 ## - MAIN ENTRY--PERSONAL NAME | |
| Personal name | kamthane,Ashok N |
| 245 ## - TITLE STATEMENT | |
| Title | Object-Oriented programming with ansi & Turbo C++ |
| 260 ## - PUBLICATION, DISTRIBUTION, ETC. (IMPRINT) | |
| Name of publisher, distributor, etc | Pearson |
| Place of publication, distribution, etc | N.Delhi |
| Year of Publication | 2009 |
| 300 ## - PAGE DESCRIPTION | |
| No. of Pages | 711p. |
| 650 ## - SUBJECT ADDED ENTRY--TOPICAL TERM | |
| Topical term or geographic name as entry element | COMPUTER SCIENCE |
| 653 ## - KEYWORDS--INDEX TERM | |
| Keyword term | INTRODUCTION TO C++, INPUT AND OUTPUT IN C++, C++ DECLARATIONS, CONTROL STRUCTURES |
| 942 ## - ADDED ENTRY ELEMENTS (KOHA) | |
| Source of classification or shelving scheme | Dewey Decimal Classification |
| Koha item type | Books |
| 942 ## - ADDED ENTRY ELEMENTS (KOHA) | |
| -- | 9 |
| Withdrawn status | Lost status | Source of classification or shelving scheme | Damaged status | Not for loan | Home library | Current library | Date acquired | SGTU | Total Checkouts | Full call number | Accession No. (Barcode) | Date last seen | Date last borrowed | Bill Date | Koha item type | Use restrictions | Shelving location | Total Renewals |
|---|---|---|---|---|---|---|---|---|---|---|---|---|---|---|---|---|---|---|
| Dewey Decimal Classification | SGT Engineering Library | SGT Engineering Library | 28/04/2010 | SGTU | 12 | 5.11 KAM | FE979 | 30/09/2025 | 19/09/2025 | 09/02/2015 | Books | |||||||
| Dewey Decimal Classification | SGT Engineering Library | SGT Engineering Library | 28/04/2010 | SGTU | 7 | 5.11 KAM | FE980 | 27/11/2025 | 14/11/2025 | 09/02/2015 | Books | |||||||
| Dewey Decimal Classification | SGT Engineering Library | SGT Engineering Library | 28/04/2010 | SGTU | 2 | 5.11 KAM | FE981 | 27/11/2025 | 14/11/2025 | 09/02/2015 | Books | |||||||
| Lost and Paid For | Dewey Decimal Classification | SGT Engineering Library | SGT Engineering Library | 28/04/2010 | SGTU | 4 | 5.11 KAM | FE982 | 05/04/2023 | 29/01/2020 | 09/02/2015 | Books | ||||||
| Dewey Decimal Classification | SGT Engineering Library | SGT Engineering Library | 28/04/2010 | SGTU | 3 | 5.11 KAM | FE983 | 27/11/2025 | 14/11/2025 | 09/02/2015 | Books | |||||||
| Dewey Decimal Classification | Not For Loan | SGT Engineering Library | SGT Engineering Library | 28/04/2010 | SGTU | 5.11 KAM | FE984 | 09/02/2015 | 09/02/2015 | Books | Restricted Access | Reference Book | ||||||
| Dewey Decimal Classification | SGT Engineering Library | SGT Engineering Library | 28/04/2010 | SGTU | 4 | 5.11 KAM | FE985 | 06/12/2021 | 22/11/2021 | 09/02/2015 | Books | 1 |